Obálka
Pro půjčování e-knih musíte být přihlášeni.
Jak si půjčit online?

Tak o co jde? : jak číst svůj život /

Návod pro šťastný život podle renomovaného českého psychiatra.

Uloženo v:
Hlavní autor: Höschl, Cyril, 1949-2025 (Autor)
Další autoři: Hamšík, Ivan, 1967- (Autor), Štěpánek, Petr, 1948- (Autor), Vondráček, Jan, 1966- (Vypravěč-komentátor), Pekárek, Hynek, 1959- (Vypravěč-komentátor)
Médium: E-audiokniha
Jazyk:Czech
Vydáno: Praha : Voxi, 2024
Témata:
Tagy:
Žádné tagy
LEADER 05515nim a2201165 i 4500
001 313365
003 CZ PrSKC
005 20260601215740.0
007 sd fungnnmmned
008 241121s2024 xr nnnng bt n cze
015 |a cnb003644180 
020 |a 9788074482380 :  |c Kč 399,00 
040 |a ABA001  |b cze  |e rda 
043 |a e-xr--- 
045 |a x-y- 
072 7 |a 159.9  |x Psychologie  |2 Konspekt 
072 7 |a 929  |x Biografie  |2 Konspekt 
080 |a 616.89-051  |2 MRF 
080 |a 17.02  |2 MRF 
080 |a 159.95  |2 MRF 
080 |a 159.923  |2 MRF 
080 |a 316.472.4  |2 MRF 
080 |a 005.931  |2 MRF 
080 |a 159.955  |2 MRF 
080 |a 005.59  |2 MRF 
080 |a 929  |2 MRF 
080 |a (437.3)  |2 MRF 
080 |a (047.53)  |2 MRF 
080 |a (086.7)08  |2 MRF 
080 |a (086.76)  |2 MRF 
100 1 |a Höschl, Cyril,  |d 1949-2025  |7 jn20000401149  |4 aut 
245 1 0 |a Tak o co jde? :  |b jak číst svůj život /  |c Cyril Höschl, Ivan Hamšík 
264 1 |a Praha :  |b Voxi,  |c 2024 
300 |a 1 audiodisk (9 hod., 1 min.) ;  |c 12 cm 
306 |a 090100 
336 |a mluvené slovo  |b spw  |2 rdacontent 
337 |a audio  |b s  |2 rdamedia 
338 |a audiodisk  |b sd  |2 rdacarrier 
344 |a digital  |b optical  |2 rda 
347 |a audio soubor  |b MP3  |2 rda 
500 |a Název z disku 
500 |a Vydalo nakladatelství VOXI ve společnosti Albatros Media a.s. 
500 |a Podle stejnojmenné knihy vydané nakladatelstvím Mladá Fronta v roce 2023 
500 |a Nezkrácená audiokniha ve formátu MP3 
508 |a Režie, Hynek Pekárek 
511 0 |a Čtou Petr Štěpánek, Jan Vondráček 
518 |o Nahráno  |d srpen 2024  |p studio S Pro Alfa 
520 2 |a Návod pro šťastný život podle renomovaného českého psychiatra.  |b Proč máme tak často pocit, že se život nevyvíjí podle našich představ? Jakou výbavu si neseme v genech a co máme zcela ve svých rukou? Cestou od narození až po spokojené stáří vás provede lékařská legenda, popularizátor vědy a uznávaný psychiatr Cyril Höschl. Padesát let zkušeností v jedné knize, ve které s nadhledem vysvětlí, co se vám v životě děje a jak to chápat, abyste už navždy měli klidný spánek. A pro zpestření přidá i vzpomínky na setkání s královnou Alžbětou, Václavem Havlem a dalšími osobnostmi. Nakladatelská anotace. 
648 7 |a 20.-21. století  |7 ch462155  |2 czenas 
650 0 7 |a psychiatři  |7 ph124779  |z Česko  |y 20.-21. století  |2 czenas 
650 0 7 |a životní harmonie  |7 ph138147  |2 czenas 
650 0 7 |a lidské chování  |7 ph117221  |2 czenas 
650 0 7 |a psychologie osobnosti  |7 ph115951  |2 czenas 
650 0 7 |a interpersonální vztahy  |7 ph114786  |2 czenas 
650 0 7 |a krizové situace  |7 ph121963  |2 czenas 
650 0 7 |a řešení problémů  |7 ph137287  |2 czenas 
650 0 9 |a psychiatrists  |z Czechia  |y 20th-21st centuries  |2 eczenas 
650 0 9 |a harmony of life  |2 eczenas 
650 0 9 |a human behavior  |2 eczenas 
650 0 9 |a psychology of personality  |2 eczenas 
650 0 9 |a interpersonal relations  |2 eczenas 
650 0 9 |a crisis situations  |2 eczenas 
650 0 9 |a problem solving  |2 eczenas 
655 7 |a rozhovory  |7 fd133303  |2 czenas 
655 7 |a audioknihy  |7 fd119452  |2 czenas 
655 7 |a kompaktní disky  |7 fd201991  |2 czenas 
655 9 |a interviews  |2 eczenas 
655 9 |a audiobooks  |2 eczenas 
655 9 |a compact discs  |2 eczenas 
700 1 |a Hamšík, Ivan,  |d 1967-  |7 jn19990209210  |4 aut 
700 1 |a Štěpánek, Petr,  |d 1948-  |7 jn19981002477  |4 nrt 
700 1 |a Vondráček, Jan,  |d 1966-  |7 jx20040723030  |4 nrt 
700 1 |a Pekárek, Hynek,  |d 1959-  |7 js20060526031  |4 drt 
900 |a ABA001  |b 19 
928 9 |a Albatros Media 
044 |a xr 
505 0 0 |t 01_Zijeme si jako ve vate (24 min., 35 sek.) 
505 0 0 |t 02_Co vlastne mame v genech_cast1 (25 min., 51 sek.) 
505 0 0 |t 03_Co vlastne mame v genech_cast2 (25 min., 20 sek.) 
505 0 0 |t 04_Stesti je krasny pocit_cast1 (24 min., 7 sek.) 
505 0 0 |t 05_Stesti je krasny pocit_cast2 (20 min., 51 sek.) 
505 0 0 |t 06_Jak si s nami hraje vlastni mysl_cast1 (25 min., 15 sek.) 
505 0 0 |t 07_Jak si s nami hraje vlastni mysl_cast2 (32 min., 22 sek.) 
505 0 0 |t 08_Labyrint vztahu a lidskych povah_cast1 (28 min., 38 sek.) 
505 0 0 |t 09_Labyrint vztahu a lidskych povah_cast2 (27 min., 42 sek.) 
505 0 0 |t 10_Proc lehce padame do zavislosti a jak z toho ven_cast1 (28 min., 51 sek.) 
505 0 0 |t 11_Proc lehce padame do zavislosti a jak z toho ven_cast2 (28 min., 37 sek.) 
505 0 0 |t 12_Lide jako olivy_cast1 (20 min., 52 sek.) 
505 0 0 |t 13_Lide jako olivy_cast2 (29 min., 55 sek.) 
505 0 0 |t 14_Lide jako olivy_cast3 (21 min., 32 sek.) 
505 0 0 |t 15_Rozdeleni nenavisti_cast1 (21 min., 20 sek.) 
505 0 0 |t 16_Rozdeleni nenavisti_cast2 (19 min., 41 sek.) 
505 0 0 |t 17_Nase spolecnost uz neni pro stary_cast1 (22 min., 21 sek.) 
505 0 0 |t 18_Nase spolecnost uz neni pro stary_cast2 (24 min., 53 sek.) 
505 0 0 |t 19_A co bude dal_cast1 (32 min., 13 sek.) 
505 0 0 |t 20_A co bude dal_cast2 (27 min., 31 sek.) 
505 0 0 |t 21_A co bude dal_cast3 (28 min., 59 sek.) 
910 |a RBIT002 
998 |d 414432  |a https://core.palmknihy.cz/api/books/414432/cover?ske8vq  |b https://core.palmknihy.cz/api/books/414432/cover/400?ske8vq  |c https://core.palmknihy.cz/api/books/414432/cover/50?ske8vq  |e 2033-12-31  |i 9788074482380  |l 32460  |q 49  |r 1  |s https://www.palmknihy.cz/kniha/414432  |t audiobook  |y 2024  |z 0 
999 |d 313363